【1999年】各都道府県の「村」の読み - Statistics

General Stats
  • This quiz has been taken 7 times
  • The average score is 37 of 45
Answer Stats
Question Answer % Correct
北海道 むら
100%
岩手県 むら
100%
宮城県 むら
100%
秋田県 むら
100%
山形県 むら
100%
福島県 むら
100%
茨城県 むら
100%
栃木県 むら
100%
群馬県 むら
100%
埼玉県 むら
100%
東京都 むら
100%
神奈川県 むら
100%
富山県 むら
100%
山梨県 むら
100%
岐阜県 むら
100%
静岡県 むら
100%
三重県 むら
100%
滋賀県 むら
100%
京都府 むら
100%
福岡県 むら
100%
沖縄県 そん
100%
青森県 むら
83%
千葉県 むら
83%
新潟県 むら
83%
石川県 むら
83%
福井県 むら
83%
長野県 むら
83%
愛知県 むら
83%
大阪府 むら
83%
奈良県 むら
83%
和歌山県 むら
83%
島根県 むら
83%
長崎県 むら
83%
鳥取県 そん
67%
愛媛県 むら
67%
高知県 混在
67%
鹿児島県 混在
67%
広島県 混在
50%
徳島県 そん
50%
熊本県 混在
50%
大分県 混在
50%
岡山県 そん
33%
山口県 そん
33%
佐賀県 混在
33%
宮崎県 そん
33%
No matching quizzes found
Score Distribution
Percent of People with Each Score
Percentile by Number Answered
Your Score History
You have not taken this quiz